| 000 | 00718cab a2200205 4500 | ||
|---|---|---|---|
| 001 | WB2901-51 | ||
| 008 | 090401t1993 xxu||||| |||| 00| 0 eng d | ||
| 035 | _a(Sirsi) u18543 | ||
| 041 | _aeng | ||
| 245 | _aCoal subsidence fees are revised | ||
| 260 | _c1993 | ||
| 350 | _a0 | ||
| 490 |
_aCS Monthly : General Practice _v2(4) January 1993, 3(1) |
||
| 520 | _aGreen supplement payments to reimburse the costs of professional advice given under the Coal Mining Subsidence Act 1991 have been revised by British Coal following representations by the RICS, ISVA and CAAV. | ||
| 650 | _aCOAL MINING SUBSIDENCE ACT 1991 S38 | ||
| 650 | _aFEES | ||
| 690 | _aMINING AND MINERALS | ||
| 942 | _n0 | ||
| 948 | _c04/03/1997 | ||
| 999 |
_c12333 _d12333 |
||